000 00631nam a2200229Ia 4500
999 _c9449
_d9449
003 0100
005 20181120124337.0
008 130303s9999 xx 000 0 und d
020 _a867161019
040 _cARRUPELIB
050 _aBX1752.R64 1989
100 _aRohr, Richard
_943533
245 _aWhy be Catholic?
_bunderstanding our experience and tradition
_cRichard Rohr and Joseph martos
260 _aCincinnati
_bSt. Anthony Messenger Press
_c1989
300 _avii, 146 p. ;
_c22cm.
700 _aRichard Rohr and Joseph Martos
_943534
942 _2lcc
_cMONOGRAPH